|
|
|
|
| LEADER |
00000nam0a2200000 4500 |
| 001 |
197022 |
| 005 |
20231031183320.0 |
| 035 |
|
|
|a (RuTPU)RU\TPU\book\214920
|
| 090 |
|
|
|a 197022
|
| 100 |
|
|
|a 20110602d1933 m y0rusy50 ca
|
| 101 |
0 |
|
|a rus
|
| 102 |
|
|
|a RU
|
| 105 |
|
|
|a a j 000zy
|
| 200 |
1 |
|
|a Лекции по теоретической механики
|e учебное пособие
|h Ч. 3: Динамика. Вып. 1
|f Е. Л. Николаи
|
| 205 |
|
|
|a 4-е изд.
|
| 210 |
|
|
|a Ленинград
|c ГТТИ
|d 1933
|a Москва
|
| 215 |
|
|
|a 158 с.
|c ил.
|
| 610 |
1 |
|
|a теоретическая механика
|
| 610 |
1 |
|
|a динамика
|
| 610 |
1 |
|
|a учебные пособия
|
| 610 |
1 |
|
|a начало Даламбера
|
| 610 |
1 |
|
|a силы
|
| 610 |
1 |
|
|a закон моментов
|
| 610 |
1 |
|
|a колебательное движение
|
| 610 |
1 |
|
|a дифференциальные уравнения
|
| 675 |
|
|
|a 531
|v 3
|
| 700 |
|
1 |
|a Николаи
|b Е. Л.
|
| 801 |
|
1 |
|a RU
|b 63413507
|c 20110602
|
| 801 |
|
2 |
|a RU
|b 63413507
|c 20110923
|g RCR
|
| 942 |
|
|
|c BK
|